LEADER 01021nam a2200265 i 4500 001 000000144201 003 CaOOAMICUS 005 20051024000000.0 008 051024s1999 it u000 u ita u 013 $a119559 020 $a88-372-1743-9 040 $aSeMil$bita 100 1 $aDe Benedetti, Paolo ,$d<1927-2016>.$0(OLS)http://semarc/name/2612 245 10$aIntroduzione al giudaismo /$cPaolo De Benedetti. 260 $aBrescia :$bMorcelliana,$c1999. 300 $a124 p. ;$c23 cm. 490 0 $aManuali Morcelliana 650 4$aGiudaismo.$0(OLS)http://semarc/subject/2880 830 0$aManuali Morcelliana.$0(OLS)http://semarc/title/19259 850 $aSeMil 852 $aSeMil$W1$xVenegono$y1$m2R III 50$j97149$B97149$CSeMilBibl$Z2$F104833 $81 961 $aRecupero: Seminario di Seveso 996 $6020$a88-372-1743-9$9(OLS)http://semarc/number/132581 996 $6245$aIntroduzione al giudaismo$9(OLS)http://semarc/title/210900 996 $6260$aBrescia :$bMorcelliana$9(OLS)http://semarc/publisher/29629 LEADER 01200nam a2200277 i 4500 001 000000115436 003 CaOOAMICUS 005 20210528161715.0 008 030521s1913 it u000 u ita u 013 $a88125 040 $aSeMil$bita 100 1 $aSassoli de Bianchi, Filippo.$0(OLS)http://semarc/name/48222 245 10$aReligione e patria :$b(questioni del giorno) /$cconte dott. Filippo Sassoli de Bianchi. 264 1$aFirenze :$bStab. tipografico S. Giuseppe,$c1913. 300 $a61 p. ;$c23 cm. 541 0 $aFondo Card. C.M. Martini (3N V 457) 650 4$aStato e religione.$0(OLS)http://semarc/subject/15352 650 4$aReligione e politica.$0(OLS)http://semarc/subject/3644 850 $aSeMil 852 $aSeMil$W1$xVenegono$y1$m3N V 457$j70957$B70957$CSeMilBibl$Z2$F89028 $81 852 $aSeMil$W1$xVenegono$y1$m5A III 9/14$j226643$B237368$CSeMilBibl$Z2$F237368 $81 941 1 $a4 961 $aOmaggio: Martini Card. Carlo Maria 996 $6245$aReligione e patria :$b(questioni del giorno)$9(OLS)http://semarc/title/169074 996 $6264$aFirenze :$bStab. tipografico S. Giuseppe$9(OLS)http://semarc/publisher/40051